<?xml version="1.0" encoding="UTF-8"?><?xml-stylesheet type="text/xsl" href="static/style.xsl"?><OAI-PMH xmlns="http://www.openarchives.org/OAI/2.0/" xmlns:xsi="http://www.w3.org/2001/XMLSchema-instance" xsi:schemaLocation="http://www.openarchives.org/OAI/2.0/ http://www.openarchives.org/OAI/2.0/OAI-PMH.xsd"><responseDate>2026-04-17T01:45:37Z</responseDate><request verb="GetRecord" identifier="oai:www.recercat.cat:2117/350254" metadataPrefix="marc">https://recercat.cat/oai/request</request><GetRecord><record><header><identifier>oai:recercat.cat:2117/350254</identifier><datestamp>2026-02-09T13:17:25Z</datestamp><setSpec>com_2072_1033</setSpec><setSpec>col_2072_452951</setSpec></header><metadata><record xmlns="http://www.loc.gov/MARC21/slim" xmlns:dcterms="http://purl.org/dc/terms/" xmlns:xsi="http://www.w3.org/2001/XMLSchema-instance" xmlns:doc="http://www.lyncode.com/xoai" xsi:schemaLocation="http://www.loc.gov/MARC21/slim http://www.loc.gov/standards/marcxml/schema/MARC21slim.xsd">
   <leader>00925njm 22002777a 4500</leader>
   <datafield ind2=" " ind1=" " tag="042">
      <subfield code="a">dc</subfield>
   </datafield>
   <datafield ind2=" " ind1=" " tag="720">
      <subfield code="a">Bobotsko, Viktoriya</subfield>
      <subfield code="e">author</subfield>
   </datafield>
   <datafield ind2=" " ind1=" " tag="260">
      <subfield code="c">2021-07-14</subfield>
   </datafield>
   <datafield ind2=" " ind1=" " tag="520">
      <subfield code="a">L'habitatge tipificat plurifamiliar de 5 plantes s'estén per tot el territori de la Unió Soviètica entre els anys 1955 i 1985. Les diferents sèries, d'aspecte i distribució gairebé idèntics, esborren l'individualisme i ofereixen un escenari monòton i igualitari als ciutadans. &#xd;
&#xd;
Aquesta expansió es produeix gràcies al desenvolupament de la industrialització i prefabricació. Així, l'arquitectura soviètica es va modificant i millorant a mesura que les tècniques constructives aconsegueixen trobar noves solucions per abaratir els costos i agilitzar el procés executiu.&#xd;
&#xd;
Com a conseqüència, la construcció dels blocs en 15 dies amb una vida útil prevista de 25/50 anys, possibilita l'atribució d'habitatge propi a una quarta part de la població, només en un període de 9 anys. &#xd;
&#xd;
Tot fent una passada per la història de l'habitatge obrer de la Unió Soviètica, aquest treball se centra en els blocs de 5 plantes com a exponent més característic de l'arquitectura residencial soviètica de la segona meitat del segle XX, analitzant el seu desenvolupament, les sèries més populars, els seus assoliments i els seus fracassos.</subfield>
   </datafield>
   <datafield ind2=" " ind1=" " tag="520">
      <subfield code="a">La vivienda tipificada plurifamiliar de 5 plantas se extiende por todo el territorio de la Unión Soviética entre los años 1955 y 1985. Las diferentes series, de aspecto y distribución casi idénticos, borran el individualismo y ofrecen un escenario monótono e igualitario a los ciudadanos.&#xd;
&#xd;
Esta expansión se produce gracias al desarrollo de la industrialización y prefabricación. Así, la arquitectura soviética se va modificando y mejorando a medida que las técnicas constructivas consiguen encontrar nuevas soluciones para abaratar los costes y agilizar el proceso ejecutivo.&#xd;
&#xd;
Como consecuencia, la construcción de los bloques en 15 días con una vida útil prevista de 25/50 años, posibilita la atribución de vivienda propia a una cuarta parte de la población, solamente en un periodo de 9 años.&#xd;
&#xd;
Haciendo un repaso por la historia de la vivienda obrera de la Unión Soviética, este trabajo se centra en los bloques de 5 plantas como exponente más característico de la arquitectura residencial soviética de la segunda mitad del siglo XX, analizando su desarrollo, las series más populares, sus logros y sus fracasos.</subfield>
   </datafield>
   <datafield ind2=" " ind1=" " tag="520">
      <subfield code="a">The 5-storey multidwelling typified housing spreads throughout the territory of the Soviet Union between 1955 and 1985. The different series, of almost identical appearance and layout, erase individualism and offer a monotonous and egalitarian scenario to the citizens.&#xd;
&#xd;
This expansion occurs due to the development of industrialization and prefabrication. Thus, the more the construction techniques reach new solutions to lower costs and accelerate the executive process, the more the Soviet architecture is being improved and modified. &#xd;
&#xd;
As a result, the construction of the blocks in 15 days with an expected 25/50-year lifespan, allows the allocation of individual housing to a quarter of the Soviet population, only in a period of 9 years.&#xd;
&#xd;
Taking a look at the history of working class housing in the Soviet Union, this work focuses on the 5-storey blocks as the most characteristic exponent of Soviet residential architecture of the second half of the twentieth century, analyzing its development, the most popular series, its achievements and its failures.</subfield>
   </datafield>
   <datafield ind2=" " ind1=" " tag="520">
      <subfield code="a">Award-winning</subfield>
   </datafield>
   <datafield tag="653" ind2=" " ind1=" ">
      <subfield code="a">Àrees temàtiques de la UPC::Arquitectura::Tipologies d'edificis::Habitatges</subfield>
   </datafield>
   <datafield tag="653" ind2=" " ind1=" ">
      <subfield code="a">Dwellings -- Soviet Union</subfield>
   </datafield>
   <datafield tag="653" ind2=" " ind1=" ">
      <subfield code="a">Housing -- Soviet Union</subfield>
   </datafield>
   <datafield tag="653" ind2=" " ind1=" ">
      <subfield code="a">Buildings, Prefabricated -- Soviet Union</subfield>
   </datafield>
   <datafield tag="653" ind2=" " ind1=" ">
      <subfield code="a">Modular construction -- Soviet Union</subfield>
   </datafield>
   <datafield tag="653" ind2=" " ind1=" ">
      <subfield code="a">arquitectura residencial soviètica</subfield>
   </datafield>
   <datafield tag="653" ind2=" " ind1=" ">
      <subfield code="a">habitatge massiu</subfield>
   </datafield>
   <datafield tag="653" ind2=" " ind1=" ">
      <subfield code="a">blocs tipificats</subfield>
   </datafield>
   <datafield tag="653" ind2=" " ind1=" ">
      <subfield code="a">industrialització</subfield>
   </datafield>
   <datafield tag="653" ind2=" " ind1=" ">
      <subfield code="a">prefabricació</subfield>
   </datafield>
   <datafield tag="653" ind2=" " ind1=" ">
      <subfield code="a">estandardització</subfield>
   </datafield>
   <datafield tag="653" ind2=" " ind1=" ">
      <subfield code="a">khrusxovki</subfield>
   </datafield>
   <datafield tag="653" ind2=" " ind1=" ">
      <subfield code="a">brezhnevki</subfield>
   </datafield>
   <datafield tag="653" ind2=" " ind1=" ">
      <subfield code="a">uluchshenki</subfield>
   </datafield>
   <datafield tag="653" ind2=" " ind1=" ">
      <subfield code="a">Cases de pisos -- Unió Soviètica</subfield>
   </datafield>
   <datafield tag="653" ind2=" " ind1=" ">
      <subfield code="a">Habitatge -- Unió Soviètica</subfield>
   </datafield>
   <datafield tag="653" ind2=" " ind1=" ">
      <subfield code="a">Edificis prefabricats -- Unió Soviètica</subfield>
   </datafield>
   <datafield tag="653" ind2=" " ind1=" ">
      <subfield code="a">Construcció modular -- Unió Soviètica</subfield>
   </datafield>
   <datafield ind2="0" ind1="0" tag="245">
      <subfield code="a">Un "continent" amb la mateixa tipologia d'habitatge: desenvolupament de l’habitatge tipificat de 5 plantes a la Unió Soviètica entre els anys 1955 i 1985</subfield>
   </datafield>
</record></metadata></record></GetRecord></OAI-PMH>